Misshapen Countries On A Map - Statistics

General Stats
  • This quiz has been taken 255 times
  • The average score is 10 of 15
Answers on the Map
Answers color-coded by a green-red scale on the quiz's map according to % correct below.
 
Answer Stats
Country % Correct
Mexico
96%
Japan
92%
Oman
91%
Cambodia
89%
Sweden
84%
Uruguay
75%
Gabon
74%
Guinea
60%
Italy (Sardinia)
56%
Sri Lanka
54%
East Timor
50%
Sierra Leone
47%
Kazakhstan
41%
Malawi
37%
Kiribati
16%
No matching quizzes found
Score Distribution
Percent of People with Each Score
Percentile by Number Answered
Your Score History
You have not taken this quiz